Reglamento especial para las juntas parroquiales de beneficiencia
Descripción Física:
[4] p. ; 31 cm
MARC
| LEADER | 00000nam a2200000Ia 4500 | ||
|---|---|---|---|
| 001 | 18024 | ||
| 008 | 160829s1853] xx 000 0 cat d | ||
| 080 | |a RF-2-50 | ||
| 245 | |a Reglamento especial para las juntas parroquiales de beneficiencia | ||
| 260 | |a [Barcelona : |b s.n., |c 1853] | ||
| 300 | |a [4] p. ; |c 31 cm | ||
| 590 | |a Prové de 771, exp. 2 | ||
| 650 | |a Parròquies |9 43514 | ||
| 650 | 0 | |a Beneficència |9 43515 | |
| 856 | 4 | |u https://media.diba.cat/diba/fitxers/arxiu/fulletons/bib_18024_1853_baixa.pdf |y Accés lliure | |
| 856 | 4 | |u https://media.diba.cat/diba/fitxers/arxiu/fulletons/bib_18024_1853_baixa.pdf |y Accés lliure | |
| 901 | |a Arxiu | ||
| 942 | |n 1 |2 udc | ||
| 952 | |0 0 |1 0 |4 0 |6 RF250 |7 1 |9 51484 |a Arxiu |b Arxiu |d 2016-12-01 |l 0 |o RF-2-50 |p 18024 |r 2016-12-01 00:00:00 |w 2016-12-01 |y ARXIU | ||
| 999 | |c 55328 |d 55328 | ||
| 900 | |a bib_18024_1853_baixa.pdf | ||